| 000 | 01098nam a2200325Ia 4500 | ||
|---|---|---|---|
| 000 | nam a22 i 4500 | ||
| 001 | UNACH-5870 | ||
| 007 | ta | ||
| 008 | 221212s ||||fr|||| 00| | spa d | ||
| 020 | _a84-481-3679-90 | ||
| 041 | 0 | _aspa | |
| 082 | 0 | 4 |
_a005.3 _bProgramas - Software |
| 100 | 1 |
_aUnderdahl, Brian, _eautor |
|
| 245 | 1 | 0 | _aFundamentos de macromedia flash MX |
| 250 | _a1a ed | ||
| 264 | 3 | 1 |
_a[Madrid] : _aEspaña : _bMcGraw-Hill Interamericana de España S.A U., _c2002 |
| 300 |
_a372 páginas : _bilustraciones, gráficos |
||
| 336 |
_atexto _btxt _2rdacontent |
||
| 337 |
_ano mediado _bn _2rdamedia |
||
| 338 |
_avolumen _bnc _2rdacarrier |
||
| 504 | _aIncluye índice. | ||
| 505 | 0 | _aAprendizaje de flash.-- Utilización de las herramientas.-- Dibujos de objetos.-- Utilización de guías y máscaras.-- Creación de símbolos y utilización de la biblioteca. | |
| 650 | 1 | 4 | _aAPRENDIZAJE |
| 650 | 2 | 4 | _aFLASH SITUACIONAL |
| 650 | 2 | 4 | _aHERRAMIENTA |
| 653 | 0 | _aProgramas - Software | |
| 700 | 1 |
_aScott Peña, Patricia, _etraductor |
|
| 942 |
_2ddc _c1 _n0 |
||
| 999 |
_c4746 _d4746 |
||